| 000 | 00518nam a2200205Ia 4500 | ||
|---|---|---|---|
| 005 | 20240823021747.0 | ||
| 008 | 240823s9999||||xx |||||||||||||| ||und|| | ||
| 020 | _a81-7829-459-1 | ||
| 041 | _aENGLISH | ||
| 082 | _A001.42 P5 | ||
| 100 | _a"Polonsky,Michael Jay" | ||
| 245 | 0 | _aDesigning and Managing a Research Project | |
| 250 | _a1st | ||
| 260 |
_c2005 _b"Response Books,New " |
||
| 500 | _aYES | ||
| 650 |
_aResearch _bManagement Studies |
||
| 700 | _a" Waller,David S" | ||
| 942 | _cBK | ||
| 999 |
_c177680 _d177680 |
||